Analýza vybraných modelov oceňovania opcií
Oceňovanie opcií je komplikovaný proces, ktorým sa zaoberajú najmodernejšie vedné odbory. Hodnota opcie sa skladá z dvoch zložiek - vnútornej hodnoty opcie a časovej hodnoty opcie. Z výsledkov Black-Scholesovho modelu vychádzajú aj ostatné modely pri oceňovaní opcií na rôzne podkladové aktíva (napr....
Salvato in:
| Autore principale: | |
|---|---|
| Natura: | Capitolo di libro |
| Lingua: | slovacco |
| Soggetti: | |
| Tags: |
Nessun Tag, puoi essere il primo ad aggiungerne!!
|
MARC
| LEADER | 00000naa$a2200000$$$4500 | ||
|---|---|---|---|
| 001 | 0064122 | ||
| 005 | 20240502071741.6 | ||
| 041 | 0 | |a slo | |
| 044 | |a SK | ||
| 245 | 1 | 0 | |a Analýza vybraných modelov oceňovania opcií |c Valér Demjan |
| 520 | |a Oceňovanie opcií je komplikovaný proces, ktorým sa zaoberajú najmodernejšie vedné odbory. Hodnota opcie sa skladá z dvoch zložiek - vnútornej hodnoty opcie a časovej hodnoty opcie. Z výsledkov Black-Scholesovho modelu vychádzajú aj ostatné modely pri oceňovaní opcií na rôzne podkladové aktíva (napr. menové páry). Ďalším z množstva modelov na oceňovanie opcií je binomický model oceňovania opcií. Pomocou tohto modelu je možné porozumieť množstvu dôležitých faktorov, ktoré súvisia s oceňovaním opcií. Okrem toho sa dá dokázať, že za istých predpokladov konverguje k Black-Scholesovnu modelu. | ||
| 610 | 2 | 0 | |a opcie |
| 610 | 2 | 0 | |a oceňovanie |
| 610 | 2 | 0 | |a modely |
| 100 | 1 | |a Demjan, Valér | |